Customer service training ioi : quick and easy tecniques that get great results
| Main Author: | |
|---|---|
| Format: | Book |
| Published: |
New York :
Amacom ,
2005
|
| Subjects: |
MARC
| LEADER | 00000cam a2200000 7i4500 | ||
|---|---|---|---|
| 001 | 0000024668 | ||
| 005 | 20090108.0 | ||
| 008 | 090108 | ||
| 020 | |a 0814472907 | ||
| 090 | 0 | 0 | |a 658.812 |b EVE |
| 100 | 1 | |a Eveson, Renee | |
| 245 | 1 | 0 | |a Customer service training ioi : |b quick and easy tecniques that get great results |c Renee Evenson |
| 260 | |a New York : |b Amacom , |c 2005 | ||
| 650 | 0 | |a Customer relations | |
| 650 | 0 | |a Customer services | |
| 650 | 0 | |a Employee |x Training of | |
| 999 | |a 0001038952 |b Book |c Adult Collection |e Perbadanan Perpustakaan Awam Johor | ||